Úvod do filozofie náboženstva

Bibliographic Details
Main Author: Gálik, Slavomír (Author)
Format: Book
Language:Slovak
PhysicalDescription:94 strán 21 cm
Published: Bratislava Iris 2008
ISBN:9788089256242
Subjects:

MARC

LEADER 00000cam a2200000 a 4500
001 vtls009511120
003 SK-MaSNL
005 20260302010120.0
008 090511s2008 xo f n 000 0 slo
015 |a SNBA2008 
020 |a 9788089256242  |q (brožované) 
040 |a SNK  |b slo  |c SNK  |e AACR2 
041 |a slo 
044 |a xo  |c SK 
072 7 |a 2-1  |x Prirodzená teológia. Náboženská filozofia  |2 konspekt 
080 |a 2-1+1  |2 2011 
080 |a (075)  |2 2011 
100 1 |a Gálik, Slavomír  |4 aut  |9 11611 
245 1 0 |a Úvod do filozofie náboženstva  |c Slavomír Gálik 
260 |a Bratislava  |b Iris  |c 2008 
300 |a 94 strán  |b 21 cm 
504 |a Obsahuje bibliografiu na strane 93-94 
650 0 7 |a filozofia náboženstva  |2 SNKPH  |9 1936 
650 0 7 |a Philosophy of religion  |2 SNKPHeng  |9 314812 
655 7 |a učebné texty  |2 SNKPH  |9 70568 
655 7 |a Educational texts  |2 SNKPHeng  |9 277375 
852 |a Slovenská národná knižnica 
919 |a 978-80-89256-24-2 
954 |a odborná, vedecká literatúra pôvodná (slovenská)  |2 lita 
958 |a NB 
999 |c 1001997  |d 1003927 
952 |a SNK  |b SNK  |y PREZ  |7 0  |p 17A1531449  |o snkSD 92118  |i snk2023/18126  |8 7  |0 0  |1 0  |4 0  |d 2023-12-11  |f 1  |l 0  |r 2026-02-24 12:23:58  |w 2026-02-24